Michel Foucault : más allá del estructuralismo y la hermenéutica /
Obra que sostiene que M. Foucault convirtió su teoría de las prácticas discursivas en un análisis crítico al vocabulario estructuralista que desembocó en una ilusión del discurso autónomo. Afirma que la influencia de la interpretativa de la historia del pensamiento occidental de Nietzsche llevaron a...
Պահպանված է:
| Հիմնական հեղինակ: | |
|---|---|
| Այլ հեղինակներ: | |
| Ձևաչափ: | Գիրք |
| Լեզու: | իսպաներեն |
| Հրապարակվել է: |
México :
UNAM,
1988, c1988
|
| Խորագրեր: | |
| Ցուցիչներ: |
Չկան պիտակներ, Եղեք առաջինը, ով նշում է այս գրառումը!
|
MARC
| LEADER | 00000nam^a2200000^a^4500 | ||
|---|---|---|---|
| 001 | 000026764 | ||
| 005 | 20250521000000.0 | ||
| 009 | 20260310084744.728 | ||
| 020 | |a 968-36-0686-5 | ||
| 037 | |a Acervo ITESO - Biblioteca | ||
| 041 | |a ESP | ||
| 082 | |a 140. 92 |b DRE | ||
| 100 | |a Dreyfus, Hubert L. |e (autor) | ||
| 245 | 1 | 0 | |a Michel Foucault : |b más allá del estructuralismo y la hermenéutica / |c H.L. Dreyfus, P. Rabinow ; tr. por C. de Iturbe. |
| 264 | 4 | |a México : |b UNAM, |c 1988, c1988 | |
| 300 | |a 244 p. | ||
| 336 | |a texto |b txt |2 rdacontenido | ||
| 337 | |a sin mediación |b n |2 rdamedio | ||
| 338 | |a volumen |b nc |2 rdasoporte | ||
| 500 | |a Traducción de: Michel Foucault: Beyond Structuralism and Hermeneutics | ||
| 520 | |a Obra que sostiene que M. Foucault convirtió su teoría de las prácticas discursivas en un análisis crítico al vocabulario estructuralista que desembocó en una ilusión del discurso autónomo. Afirma que la influencia de la interpretativa de la historia del pensamiento occidental de Nietzsche llevaron a Foucault a formular una "arqueología de la hermenéutica" que revelaba que no había nada a lo que pudiera dársele una interpretación profunda, como las sin embargo, la locura, la muerte y el sexo subyacen al discurso y se resisten a la apropiación lingüística. | ||
| 649 | |a XX | ||
| 650 | |a Filósofos Franceses - |x Biografías | ||
| 650 | |a Estructuralismo | ||
| 650 | |a Filosofía del Siglo XX | ||
| 650 | |a Filosofía - |z Francia | ||
| 700 | |a Rabinow, Paul |e (autor) | ||
| 910 | |a Fondo General | ||
| 920 | |a Impresos - Libros | ||
| 930 | |a Colección General | ||
| 905 | |a 101 | ||
| 901 | |a 0267640100 |b IT1 |c ACC |i 026764 |u 20250521 | ||
| 902 | |a https://opac.biblio.iteso.mx/vufind/Record/000026764 | ||